Civ 5 Civilizations (Updated) - Statistics

General Stats
  • This quiz has been taken 93 times
  • The average score is 38 of 43
Answer Stats
Answer % Correct
France
100%
India
99%
Japan
99%
America
97%
Aztec
97%
China
96%
England
96%
Rome
96%
Spain
96%
Germany
95%
Persia
95%
Portugal
95%
Russia
95%
Sweden
95%
Greece
93%
Zulu
93%
Arabia
92%
Denmark
92%
Korea
90%
Maya
90%
Brazil
89%
Egypt
89%
Indonesia
89%
Ottoman
89%
Poland
89%
Inca
88%
Siam
88%
Morocco
86%
Netherlands
86%
Mongolia
85%
Babylon
84%
Assyria
81%
Austria
81%
Iroquois
81%
Celt
78%
Ethiopia
78%
Polynesia
78%
Carthage
77%
Huns
77%
Venice
75%
Songhai
71%
Shoshone
68%
Byzantine Empire
67%
No matching quizzes found
Score Distribution
Percent of People with Each Score
Percentile by Number Answered
Your Score History
You have not taken this quiz